Top 20 PL Goal Scorers - Statistics

General Stats
  • This quiz has been taken 26 times
  • The average score is 11 of 20
Answer Stats
Country Goals Answer % Correct
England 260 Alan Shearer
100%
England 213 Harry Kane
100%
Egypt 190 Mohamed Salah
87%
Argentina 184 Sergio Aguero
87%
England 208 Wayne Rooney
87%
France 175 Thierry Henry
83%
South Korea 127 Son Heung-Min
78%
Ireland 126 Robbie Keane
70%
Netherlands 144 Robin van Persie
70%
England 177 Frank Lampard
65%
Trinidad & Tobago 123 Dwight Yorke
52%
England 150 Michael Owen
39%
France 125 Nicolas Anelka
39%
England 163 Robbie Fowler
35%
England 146 Teddy Sheringham
35%
England 145 Jamie Vardy
26%
England 149 Les Ferdinand
26%
Netherlands 127 Jimmy Floyd Hasselbaink
22%
England 187 Andrew Cole
17%
England 162 Jermaine Defoe
9%
No matching quizzes found
Score Distribution
Percent of People with Each Score
Percentile by Number Answered
Your Score History
You have not taken this quiz